Estatísticas para TABUADA DO 5

Clique aqui para jogar o quiz

Estatísticas Gerais

  • Esse quiz foi jogado 137 vezes
  • A pontuação média é 21 de 21

Estatísticas das Respostas

HintResposta% Correto
5X210
100%
5X315
100%
5X15
100%
5X420
99%
5X525
99%
5X630
99%
5X735
99%
5X00
98%
5X840
98%
5X945
98%
5X1050
98%
5X1155
97%
5X1260
97%
5X1365
97%
5X1470
97%
5X1575
97%
5X20100
96%
5X1680
96%
5X1785
96%
5X1890
96%
5X1995
96%

Distribuição das Pontuações

Percentil de Números Respondidos

Porcentagem de Pessoas com Cada Pontuação

Sua Pontuação Histórica

Você não jogou esse quiz